Score 0/17 Timer 02:00
0 Plays Today
Hint 5-Letter Word % Correct
A single molar, bicuspid, canine or incisorTOOTH
89%
A location for a public telephone or for a kissing purchaseBOOTH
87.2%
Payments for road useTOLLS
87.1%
Scrabble piecesTILES
85.4%
Blows a horn slightlyTOOTS
84.7%
Equipment for carpentersTOOLS
82.9%
Money drawersTILLS
80.3%
BragBOAST
68.2%
A burst of lightning or The _____FLASH → ~ THE FLASH ~
67.3%
Hint 5-Letter Word % Correct
''Rock The Casbah'' Rock band, The _____CLASH
65%
Shove up from belowBOOST
61.2%
British comedy troupe, The Mighty _____BOOSH
60.7%
A destructive wave from an explosionBLAST
51.5%
A type of wrench or police scientist Barry _____ALLEN ← BARRY ALLEN
46.8%
President of the Fox News Channel, Roger _____AILES
43.1%
Deutschland über _____ALLES
41.7%
A rock fragmentCLAST
40.9%

Today's Daily Dose

Missing Word
I Hardly Know Her!

Word Ladder
Sentence Ending

Quick Pick
Female Firsts

Get the Picture
Triathlon Sports

Remove Ads.
Support Sporcle.
Get the best of Sporcle when you Go Orange. This ad-free experience offers more features, more stats, and more fun while also helping to support Sporcle. Thank you for becoming a member.

You're not logged in!

Compare scores with friends on all Sporcle quizzes.
OR
Log In

Show Comments

Extras

Top Quizzes Today


Score Distribution

Your Account Isn't Verified!

In order to create a playlist on Sporcle, you need to verify the email address you used during registration. Go to your Sporcle Settings to finish the process.

Report this User

Report this user for behavior that violates our Community Guidelines.

Details: